Loading...
| Current Events | 1 | 10.00 | 100% | 0% | 0% |
| Fine Arts - Classical Music | 4 | 10.00 | 50% | 25% | 25% |
| Fine Arts - Other | 7 | 15.71 | 100% | 43% | 14% |
| Fine Arts - Painting and Sculpture | 4 | 10.00 | 75% | 25% | 0% |
| Geography | 3 | 13.33 | 100% | 33% | 0% |
| History - American | 5 | 4.00 | 40% | 0% | 0% |
| History - European | 4 | 10.00 | 75% | 25% | 0% |
| History - Other | 5 | 12.00 | 80% | 20% | 20% |
| History - World | 5 | 12.00 | 80% | 40% | 0% |
| Literature - American | 4 | 7.50 | 75% | 0% | 0% |
| Literature - British | 2 | 15.00 | 100% | 50% | 0% |
| Literature - European | 7 | 12.86 | 100% | 14% | 14% |
| Literature - World | 7 | 14.29 | 100% | 29% | 14% |
| Mythology | 6 | 16.67 | 100% | 33% | 33% |
| Philosophy | 5 | 10.00 | 80% | 20% | 0% |
| Religion | 2 | 10.00 | 50% | 50% | 0% |
| Science - Biology | 5 | 18.00 | 100% | 80% | 0% |
| Science - Chemistry | 5 | 10.00 | 80% | 20% | 0% |
| Science - Other | 1 | 10.00 | 100% | 0% | 0% |
| Science - Physics | 5 | 10.00 | 80% | 20% | 0% |
| Social Science | 3 | 13.33 | 100% | 33% | 0% |